[Event "61st World Juniors 2024"]
[Site "Gandhinagar IND"]
[Date "2024.06.03"]
[Round "2.61"]
[White "BRUGETTE, Romain"]
[Black "Gaikwad Manas"]
[Result "0-1"]
[WhiteElo "1655"]
[BlackElo "1957"]
[WhiteFideId "9700676"]
[BlackFideId "25912410"]
[EventDate "2024.06.02"]

1. d4 Nf6 2. c4 g6 3. Nc3 Bg7 4. e4 d6 5. f3 O-O 6. Be3 e5 7. Nge2 Nbd7 8. Qd2
Re8 9. Nc1 c6 10. Nb3 exd4 11. Nxd4 d5 12. cxd5 cxd5 13. Qc2 dxe4 14. fxe4 Nxe4
15. Nxe4 Qh4+ 16. Bf2 Qxe4+ 17. Qxe4 Rxe4+ 18. Ne2 Bxb2 19. Rb1 Ne5 20. Bg3 Bg4
21. Bxe5 Bxe5 22. Rxb7 Re8 23. Kf2 Bxe2 24. Bxe2 Bd4+ 0-1

[Event "61st World Juniors 2024"]
[Site "Gandhinagar IND"]
[Date "2024.06.04"]
[Round "3.1"]
[White "Pranav, Anand"]
[Black "Mayank, Chakraborty"]
[Result "0-1"]
[WhiteTitle "GM"]
[BlackTitle "IM"]
[WhiteElo "2540"]
[BlackElo "2425"]
[WhiteFideId "46626786"]
[BlackFideId "25659766"]
[EventDate "2024.06.02"]

1. e4 e5 2. Nf3 Nc6 3. Bb5 Nf6 4. d3 d6 5. O-O Bd7 6. c4 g6 7. Nc3 Bg7 8. Be3
O-O 9. h3 a6 10. Ba4 Ne7 11. Re1 c5 12. a3 Nc6 13. Bg5 h6 14. Bxf6 Bxf6 15. Rb1
a5 16. Nd5 Be6 17. Ne3 Bg7 18. Bb5 f5 19. Nd5 Rf7 20. Rf1 fxe4 21. dxe4 Qf8 22.
Ne1 Nd4 23. Nb6 Rd8 24. b4 axb4 25. axb4 cxb4 26. Nc2 Qe7 27. Rxb4 Nf3+ 28. gxf3
Qg5+ 29. Kh1 Qh5 30. Ne3 Bxh3 31. Kg1 Rxf3 32. Nbd5 Qg5+ 33. Kh1 Rdf8 34. Rb2
Bg4 35. Ne7+ Kh7 36. Nxg4 Qxg4 37. Rb3 Qh3+ 38. Kg1 Rxb3 39. Nd5 Rff3 0-1

[Event "61st World Juniors 2024"]
[Site "Gandhinagar IND"]
[Date "2024.06.04"]
[Round "3.2"]
[White "Panda, Sambit"]
[Black "Dudin, Gleb"]
[Result "0-1"]
[WhiteTitle "IM"]
[BlackTitle "GM"]
[WhiteElo "2363"]
[BlackElo "2532"]
[WhiteFideId "25091794"]
[BlackFideId "34184934"]
[EventDate "2024.06.02"]

1. c4 Nf6 2. Nf3 e6 3. g3 d5 4. Bg2 Be7 5. O-O O-O 6. b3 b6 7. d4 Bb7 8. Nc3
Nbd7 9. Bb2 c5 10. Ne1 Rc8 11. cxd5 Nxd5 12. Nxd5 Bxd5 13. Bxd5 exd5 14. dxc5
Nxc5 15. Ng2 Ne6 16. Qd3 d4 17. Rac1 Bf6 18. Qf3 Bg5 19. Rxc8 Qxc8 20. h4 Bh6
21. Ne1 Bc1 22. Ba1 Bd2 23. Qd3 Bc3 24. Nf3 Qc5 25. Rd1 Re8 26. Kg2 Qc6 27. Rc1
Nc5 28. Qd1 Bxa1 29. Rxa1 Rd8 30. Rc1 Qa8 31. b4 Ne6 32. Qd3 h6 33. Kh2 Qd5 34.
Rc2 a5 35. a3 axb4 36. axb4 g6 37. e4 Qd6 38. h5 g5 39. Kg2 Qxb4 40. Ne5 Qd6 41.
Ng4 Nc5 42. Qf3 Kg7 43. Ra2 Qe6 44. Ra7 Rd7 45. Rxd7 Nxd7 46. Qd1 Qxe4+ 47. f3
Qd5 48. Ne3 Qa2+ 49. Nc2 Ne5 50. Kh3 Nxf3 51. Nxd4 Qh2+ 52. Kg4 Ne5+ 53. Kf5
Qxg3 54. Qc1 Nd3 55. Ke4 Nxc1 56. Nf5+ Kf6 57. Nxg3 Nb3 58. Kd5 Nc5 0-1

[Event "61st World Juniors 2024"]
[Site "Gandhinagar IND"]
[Date "2024.06.04"]
[Round "3.3"]
[White "Siddharth, Jagadeesh"]
[Black "Davtyan, Arsen"]
[Result "1/2-1/2"]
[WhiteTitle "IM"]
[BlackTitle "IM"]
[WhiteElo "2525"]
[BlackElo "2415"]
[WhiteFideId "5818320"]
[BlackFideId "13309315"]
[EventDate "2024.06.02"]

1. d4 Nf6 2. c4 e6 3. Nf3 d5 4. Nc3 Bb4 5. cxd5 exd5 6. Bf4 Ne4 7. Rc1 Nc6 8. e3
g5 9. Bg3 h5 10. h4 Nxg3 11. fxg3 g4 12. Ng1 Qd6 13. Ne2 Bd7 14. Nf4 O-O-O 15.
Bd3 Rde8 16. Kf2 Bxc3 17. Rxc3 Kb8 18. Qb3 Ne7 19. a4 Ka8 20. a5 a6 21. Rhc1 c6
22. Rc5 Rh6 23. R1c3 Qb8 24. Qc2 Qd8 25. Qe2 Ka7 26. Qc2 Nc8 27. Rb3 Nd6 28. Rb6
Nc8 29. Rb4 Nd6 30. Rb6 Nc8 31. Rb4 Nd6 1/2-1/2

[Event "61st World Juniors 2024"]
[Site "Gandhinagar IND"]
[Date "2024.06.04"]
[Round "3.4"]
[White "Nogerbek, Kazybek"]
[Black "Wafa, Hamed"]
[Result "1-0"]
[WhiteTitle "IM"]
[BlackTitle "IM"]
[WhiteElo "2502"]
[BlackElo "2396"]
[WhiteFideId "13710427"]
[BlackFideId "10628452"]
[EventDate "2024.06.02"]

1. e4 e5 2. Nf3 Nc6 3. d4 exd4 4. Nxd4 Nf6 5. Nxc6 bxc6 6. Nd2 d5 7. exd5 cxd5
8. Bb5+ Bd7 9. Bxd7+ Qxd7 10. O-O Be7 11. b3 O-O 12. Bb2 Rfe8 13. Qf3 a5 14.
Rad1 c6 15. a4 Qc7 16. Rfe1 Nd7 17. Qe2 Qd8 18. Bc3 Nf6 19. Qf3 Nd7 20. Qe2 Nf6
21. Qf3 Nd7 22. Ne4 Bb4 23. Bxb4 axb4 24. Ng3 Ne5 25. Qf4 Qd6 26. Re3 f6 27. Nf5
Qd7 28. h4 g6 29. Rg3 Nf7 30. Ne3 Qd6 31. Rd4 Rab8 32. Rg4 Ne5 33. Qg3 Kh8 34.
Rgf4 Rg8 35. Ng4 Nxg4 36. Rxg4 Qe7 37. Qe3 Qf8 38. Qe6 f5 39. Rgf4 Rc8 40. h5
gxh5 41. Rxf5 Qg7 42. Qe5 Rb8 43. Rxh5 Rge8 44. Qxg7+ Kxg7 45. Rg4+ Kf6 46. Rh6+
Kf5 47. Rg7 Re1+ 48. Kh2 Rc1 49. Rxc6 1-0

[Event "61st World Juniors 2024"]
[Site "Gandhinagar IND"]
[Date "2024.06.04"]
[Round "3.5"]
[White "Cardoso Cardoso, Jose Gabriel"]
[Black "Nainys, Zanas"]
[Result "1-0"]
[WhiteTitle "GM"]
[WhiteElo "2497"]
[BlackElo "2153"]
[WhiteFideId "4430492"]
[BlackFideId "12844098"]
[EventDate "2024.06.02"]

1. e4 c5 2. Nf3 e6 3. d4 cxd4 4. Nxd4 Nf6 5. Nc3 Nc6 6. Nxc6 bxc6 7. e5 Nd5 8.
Ne4 Bb7 9. Be2 c5 10. O-O Qc7 11. Nd6+ Bxd6 12. exd6 Qc6 13. f3 e5 14. c4 Nf4
15. Bxf4 exf4 16. Qd2 O-O 17. Bd3 Rae8 18. Rae1 Re6 19. Rxe6 fxe6 20. Re1 Qb6
21. Bb1 Rf6 22. Re5 h6 23. b3 Kf7 24. h4 Ke8 25. Be4 Bxe4 26. Rxe4 Qb4 27. Qd5
Kf7 28. Qh5+ Kf8 29. Qe5 Kg8 30. Rxf4 Rxf4 31. Qxf4 Qc3 32. Kh2 Qe1 33. Qe4 Qxe4
34. fxe4 e5 35. Kg3 Kf7 36. b4 cxb4 37. Kf3 Ke8 38. Ke3 Kd8 39. Kd3 1-0

[Event "61st World Juniors 2024"]
[Site "Gandhinagar IND"]
[Date "2024.06.04"]
[Round "3.6"]
[White "Lopez Rayo, Santiago"]
[Black "Prraneeth, Vuppala"]
[Result "1/2-1/2"]
[WhiteTitle "FM"]
[BlackTitle "GM"]
[WhiteElo "2277"]
[BlackElo "2436"]
[WhiteFideId "4455665"]
[BlackFideId "46622373"]
[EventDate "2024.06.02"]

1. e4 c5 2. Nf3 d6 3. d4 cxd4 4. Nxd4 Nf6 5. Nc3 a6 6. Bg5 e6 7. f4 h6 8. Bh4
Nbd7 9. Qe2 e5 10. fxe5 Nxe5 11. Bxf6 Qxf6 12. Nd5 Qd8 13. Nf3 Qa5+ 14. Qd2
Qxd2+ 15. Kxd2 Rb8 16. Nxe5 dxe5 17. b4 Be6 18. Nc7+ Ke7 19. Nxe6 fxe6 20. Bd3
g6 21. Rhf1 h5 22. Rf3 Bh6+ 23. Kc3 Rhf8 24. Rxf8 Rxf8 25. Rf1 Rc8+ 26. Kb3 Be3
27. Be2 Rd8 28. Rd1 Rf8 29. Rf1 Rd8 30. Rd1 Rf8 31. Rf1 1/2-1/2

[Event "61st World Juniors 2024"]
[Site "Gandhinagar IND"]
[Date "2024.06.04"]
[Round "3.7"]
[White "Shahil, Dey"]
[Black "Grebnev, Aleksey"]
[Result "1/2-1/2"]
[WhiteTitle "IM"]
[BlackTitle "GM"]
[WhiteElo "2332"]
[BlackElo "2540"]
[WhiteFideId "35062352"]
[BlackFideId "34189030"]
[EventDate "2024.06.02"]

1. e4 e6 2. d4 d5 3. exd5 exd5 4. Bf4 Bd6 5. Qd2 Ne7 6. Nc3 c6 7. Bd3 Bf5 8.
Nge2 Bxd3 9. Qxd3 O-O 10. h4 Bxf4 11. Nxf4 Ng6 12. Nfe2 Re8 13. O-O-O Qf6 14. h5
Nf4 15. Nxf4 Qxf4+ 16. Qd2 Qxd2+ 17. Kxd2 Nd7 18. f3 f5 19. Ne2 Nf8 20. Nf4 Ne6
21. Nxe6 Rxe6 22. Rde1 Rae8 23. Rxe6 Rxe6 24. b3 Kf7 25. Rh4 Kf6 26. g3 Kg5 27.
f4+ Kh6 28. Rh1 Re4 29. c3 b5 30. a3 a5 31. Kd3 Re8 32. Kd2 Re7 33. Kd3 Re4 34.
b4 axb4 35. axb4 Re7 36. Rh3 Re1 37. Kd2 Rg1 38. Ke2 Rg2+ 39. Ke3 g5 40. hxg6+
Kxg6 41. Kd3 h5 42. Ke3 1/2-1/2

[Event "61st World Juniors 2024"]
[Site "Gandhinagar IND"]
[Date "2024.06.04"]
[Round "3.8"]
[White "Bodrogi, Bendeguz"]
[Black "Makarian, Rudik"]
[Result "1/2-1/2"]
[WhiteTitle "FM"]
[BlackTitle "IM"]
[WhiteElo "2353"]
[BlackElo "2524"]
[WhiteFideId "790303"]
[BlackFideId "44105681"]
[EventDate "2024.06.02"]

1. Nf3 d5 2. g3 Nc6 3. d4 Nf6 4. Bg2 e6 5. O-O Be7 6. c4 O-O 7. b3 b6 8. Bb2 Bb7
9. Nbd2 a5 10. a3 Ne4 11. Ne5 Nxe5 12. dxe5 Nc5 13. b4 axb4 14. axb4 Na6 15. b5
Nc5 16. Qc2 Qd7 17. Ba3 c6 18. Bxc5 Bxc5 19. bxc6 Bxc6 20. Nb3 Rxa1 21. Rxa1
dxc4 22. Nxc5 Qd4 23. Rc1 Bxg2 24. Kxg2 bxc5 25. f4 Qd5+ 26. Kf2 Qd4+ 27. Kg2
Qd5+ 28. Kf2 Rc8 29. Qxc4 Qb7 30. g4 Qe7 31. g5 g6 32. Kg3 h5 33. gxh6 Kh7 34.
Qa6 Qc7 35. Rb1 c4 36. Rb7 Qc5 37. Rxf7+ Kxh6 38. Qxe6 Qe3+ 39. Kh4 Qf2+ 40. Kh3
Qe3+ 41. Kh4 Qf2+ 42. Kh3 Qe3+ 1/2-1/2

[Event "61st World Juniors 2024"]
[Site "Gandhinagar IND"]
[Date "2024.06.04"]
[Round "3.9"]
[White "Subelj, Jan"]
[Black "Koziorowicz, Michal"]
[Result "1-0"]
[WhiteTitle "GM"]
[BlackTitle "FM"]
[WhiteElo "2514"]
[BlackElo "2304"]
[WhiteFideId "14618583"]
[BlackFideId "21809194"]
[EventDate "2024.06.02"]

1. Nf3 e6 2. g3 b5 3. Bg2 Bb7 4. O-O Nf6 5. a4 b4 6. d3 d5 7. Nbd2 Be7 8. e4 c5
9. exd5 exd5 10. Nh4 O-O 11. Nf5 Re8 12. Nxe7+ Qxe7 13. Nb3 c4 14. Nd4 Nc6 15.
Be3 Ne5 16. Re1 cxd3 17. Bf4 Nfd7 18. cxd3 Rac8 19. Bh3 Rcd8 20. Bxd7 1-0

[Event "61st World Juniors 2024"]
[Site "Gandhinagar IND"]
[Date "2024.06.04"]
[Round "3.11"]
[White "Harshad, S"]
[Black "Ohanyan, Emin"]
[Result "1/2-1/2"]
[WhiteTitle "FM"]
[BlackTitle "GM"]
[WhiteElo "2272"]
[BlackElo "2501"]
[WhiteFideId "46616551"]
[BlackFideId "13312022"]
[EventDate "2024.06.02"]

1. e4 e5 2. Nf3 Nc6 3. Nc3 Nf6 4. h3 Bb4 5. Bd3 O-O 6. O-O d6 7. Ne2 Nxe4 8. c3
Nxf2 9. Rxf2 Bc5 10. Bc2 Bxf2+ 11. Kxf2 f5 12. d4 e4 13. Nh2 Qh4+ 14. Kg1 d5 15.
Bd2 f4 16. Bxf4 Rxf4 17. g3 Qg5 18. Nxf4 Qxg3+ 19. Ng2 Bxh3 20. Qe2 Ne7 21. Nf1
Qg5 22. Ne3 Ng6 23. Rf1 Nh4 24. Kh2 Bxg2 25. Nxg2 Nf3+ 26. Rxf3 exf3 27. Qxf3
Re8 28. Bd3 Re6 29. Qf4 Qe7 30. Qf5 Qd6+ 31. Nf4 Rh6+ 32. Kg3 c6 33. Qc8+ Qf8
34. Qxb7 g5 35. Ng2 Qd6+ 36. Kf2 Rf6+ 37. Kg1 Rf7 38. Qc8+ Kg7 39. Qh3 Kh8 40.
Qc8+ Kg7 41. Qh3 Kh8 42. Qc8+ Rf8 43. Qb7 Qh6 44. Qxa7 g4 45. Qc7 Qc1+ 46. Kh2
Qh6+ 47. Kg1 Kg8 48. Qe5 Qc1+ 49. Kh2 Qh6+ 50. Kg1 Qc1+ 51. Kh2 Qh6+ 52. Kg1 1/2-1/2

[Event "61st World Juniors 2024"]
[Site "Gandhinagar IND"]
[Date "2024.06.04"]
[Round "3.12"]
[White "Aaditya, Dhingra"]
[Black "Avinash, Ramesh"]
[Result "0-1"]
[WhiteTitle "IM"]
[BlackTitle "IM"]
[WhiteElo "2495"]
[BlackElo "2252"]
[WhiteFideId "25678191"]
[BlackFideId "45018340"]
[EventDate "2024.06.02"]

1. e4 e6 2. d4 d5 3. Nc3 Bb4 4. e5 c5 5. a3 Bxc3+ 6. bxc3 Nc6 7. Nf3 Qa5 8. Bd2
Nge7 9. a4 c4 10. h4 Bd7 11. h5 h6 12. g3 O-O-O 13. Bg2 Kb8 14. Qc1 Ka8 15. Qa3
Nc8 16. O-O g6 17. Rfb1 N6e7 18. Qc5 Qxc5 19. dxc5 Nc6 20. hxg6 fxg6 21. Nd4
Nxd4 22. cxd4 Ne7 23. Kf1 g5 24. Ke2 Rdg8 25. Rh1 h5 26. Rh2 Nf5 27. Be3 g4 28.
a5 a6 29. Rah1 Be8 30. c3 Rh7 31. Bf4 Rhg7 32. Kd2 Rf8 33. Bf1 Kb8 34. Be2 Kc8
35. Rb1 Rh8 36. Rg1 Rhg8 37. Bd1 Rf8 38. Bc2 Rh8 39. Bxf5 exf5 40. e6 Rhh7 41.
Re1 Rg6 42. Re5 Re7 43. Rxf5 Rgxe6 44. Be3 Rd7 45. Rf8 Rf7 46. Rh8 Rf5 47. Rh1
Re7 48. Rb1 Rf6 49. Bf4 h4 50. Rxh4 Bd7 51. Rh8+ Re8 52. Rxe8+ Bxe8 53. Rh1 Kd7
54. Rh7+ Bf7 55. Rg7 Kc6 56. Rxg4 Kb5 57. Ke3 Kxa5 58. Be5 Rg6 59. Rh4 Be8 60.
g4 Ka4 61. f4 Kb3 62. f5 Rg8 63. Bc7 Kxc3 64. Ba5+ Kb2 65. Rh2+ Kb3 66. Kf4 Bd7
67. Rh7 Bc8 68. Rh3+ Kb2 69. Re3 Rf8 70. Rg3 Re8 71. f6 Re4+ 72. Kg5 Be6 73. Kg6
Kc2 74. g5 Rxd4 75. Re3 Re4 76. Rxe4 dxe4 77. Be1 Kd1 78. Bb4 e3 79. f7 Bxf7+
80. Kxf7 e2 81. g6 Kc2 82. Be1 Kd1 83. g7 Kxe1 84. g8=Q Kf1 85. Qg4 e1=Q 86.
Qxc4+ Qe2 87. Qc3 Qe4 88. Kf6 Ke2 89. Qb2+ Kf3 90. Qb3+ Kf4 91. Qb6 Qe5+ 92. Kf7
Qd5+ 93. Ke7 Ke4 94. Qb1+ Kd4 95. Qb4+ Kd3 96. Qb1+ Kc4 97. Qc2+ Kb5 98. Qb2+
Kxc5 99. Qa3+ Kc6 100. Qa4+ Kc7 101. Qf4+ Kb6 102. Qb4+ Ka7 103. Qa4 Qc5+ 104.
Kf7 b5 105. Qa5 Kb7 0-1

[Event "61st World Juniors 2024"]
[Site "Gandhinagar IND"]
[Date "2024.06.04"]
[Round "3.14"]
[White "Budisavljevic, Luka"]
[Black "Vrashank, Chouhan"]
[Result "1-0"]
[WhiteTitle "GM"]
[BlackTitle "FM"]
[WhiteElo "2468"]
[BlackElo "2209"]
[WhiteFideId "960047"]
[BlackFideId "25944240"]
[EventDate "2024.06.02"]

1. d4 Nf6 2. c4 e6 3. Nf3 d5 4. Nc3 c6 5. cxd5 exd5 6. Bf4 Bd6 7. Bxd6 Qxd6 8.
e3 O-O 9. Qc2 a5 10. Bd3 Nbd7 11. O-O g6 12. a3 b6 13. Rac1 Bb7 14. Na4 Rfc8 15.
Qb3 c5 16. Bb5 c4 17. Qc2 Bc6 18. Nc3 Bxb5 19. Nxb5 Qc6 20. a4 Ne4 21. b3 Nd6
22. bxc4 Nxc4 23. Qa2 Qe6 24. Nd2 Nf6 25. Nxc4 dxc4 26. Rc2 Nd5 27. Rxc4 Rxc4
28. Qxc4 Rc8 29. Qb3 Nb4 30. Qd1 Rc2 31. Qf3 Ra2 32. Qa8+ Kg7 33. Nc7 Qe7 34.
Qb8 Nd3 35. Nd5 Qe6 36. Nc7 Qe7 37. Ne8+ Kh6 38. d5 Nxf2 39. Qf4+ g5 40. Qd6+
Qxd6 41. Nxd6 Ng4 42. e4 Rxa4 43. h3 Ne5 44. Rf5 Nd3 45. Rf6+ Kg7 46. Rxf7+ Kg6
47. Re7 Nf4 48. Nf7 Kf6 49. d6 Ne6 50. e5+ Kf5 51. g4+ Ke4 52. Rxe6 Ra1+ 53. Kf2
Ra2+ 54. Ke1 Ke3 55. Kd1 a4 56. Kc1 Rd2 57. Re7 a3 58. Ra7 a2 59. e6 1-0

[Event "61st World Juniors 2024"]
[Site "Gandhinagar IND"]
[Date "2024.06.04"]
[Round "3.15"]
[White "Mukund Hemant Agarwal"]
[Black "Fromm, Marius"]
[Result "0-1"]
[BlackTitle "IM"]
[WhiteElo "2196"]
[BlackElo "2465"]
[WhiteFideId "25679791"]
[BlackFideId "12993190"]
[EventDate "2024.06.02"]

1. e4 c5 2. Nf3 e6 3. c3 d5 4. exd5 Qxd5 5. d4 Nf6 6. Na3 Nc6 7. Be3 cxd4 8. Nb5
Qd7 9. Nbxd4 Qc7 10. Nxc6 bxc6 11. Bd4 Bd6 12. Bxf6 gxf6 13. Bd3 Bb7 14. Qa4 Rg8
15. g3 h5 16. O-O-O Rg4 17. Nd4 Kf8 18. Be2 c5 19. Bxg4 cxd4 20. Rhe1 hxg4 21.
Qxd4 Be5 22. Qb4+ Qe7 23. Qxg4 Rc8 24. Qa4 Qc5 25. Kb1 Bf3 26. Rd2 f5 27. Re3
Be4+ 28. Ka1 Bf6 29. h4 Rb8 30. Qd1 Bd5 31. Qa4 Be4 32. Qd1 Qa5 33. Rd7 Bd5 34.
Qb1 Ke8 35. Rxd5 Qxd5 36. Qd3 Qxd3 37. Rxd3 Rd8 38. Rxd8+ Bxd8 39. f3 f4 40.
gxf4 Bxh4 41. Kb1 Bg3 42. f5 exf5 43. Kc2 Kd7 44. Kd3 Kd6 45. b4 Ke5 46. c4 Be1
47. a3 a5 0-1

[Event "61st World Juniors 2024"]
[Site "Gandhinagar IND"]
[Date "2024.06.04"]
[Round "3.16"]
[White "Quizon, Daniel"]
[Black "Ang, Ern Jie Anderson"]
[Result "1-0"]
[WhiteTitle "IM"]
[BlackTitle "CM"]
[WhiteElo "2448"]
[BlackElo "2198"]
[WhiteFideId "5217911"]
[BlackFideId "5736200"]
[EventDate "2024.06.02"]

1. e4 c5 2. Nc3 Nc6 3. Nge2 g6 4. d4 cxd4 5. Nxd4 Bg7 6. Be3 Nf6 7. Nxc6 bxc6 8.
e5 Nd5 9. Nxd5 cxd5 10. Qxd5 Rb8 11. O-O-O O-O 12. Bxa7 Rb7 13. Bd4 Rb8 14. Bc3
Bb7 15. Qxd7 Bh6+ 16. Kb1 Qb6 17. Bc4 Bxg2 18. Rhg1 Bf3 19. e6 f6 20. Qxe7 Bxd1
21. Rxd1 Qc6 22. Bb3 Qf3 23. Qd6 Rfe8 24. a3 Bg5 25. Ka2 Rb7 26. Rd3 Qe2 27. f4
Bh4 28. Qc6 Reb8 29. Rd8+ 1-0

[Event "61st World Juniors 2024"]
[Site "Gandhinagar IND"]
[Date "2024.06.04"]
[Round "3.17"]
[White "Bizhigitov, Zhangir"]
[Black "Ilamparthi, A R"]
[Result "0-1"]
[WhiteTitle "FM"]
[BlackTitle "IM"]
[WhiteElo "2212"]
[BlackElo "2446"]
[WhiteFideId "13725599"]
[BlackFideId "45015775"]
[EventDate "2024.06.02"]

1. e4 e5 2. Nf3 Nc6 3. Bb5 a6 4. Ba4 Nf6 5. O-O d6 6. Re1 Bd7 7. c3 g6 8. d4 Bg7
9. h3 O-O 10. Bc2 Nh5 11. Be3 Kh8 12. Nbd2 Qe8 13. Nc4 a5 14. a3 b5 15. Ncd2 a4
16. Nf1 Na5 17. dxe5 dxe5 18. Bc5 Rg8 19. N3d2 f5 20. f3 Rd8 21. Bf2 Be6 22. Qb1
Qf7 23. Bd3 Qd7 24. Bc2 Nb3 25. Nxb3 axb3 26. Bd1 Nf4 27. Bg3 Nd3 28. Re2 Bh6
29. Nd2 Qf7 30. a4 Nf4 31. Rf2 Rd7 32. a5 Rgd8 33. a6 Rxd2 34. Rxd2 Rxd2 35. a7
Rxg2+ 36. Kh1 Rxg3 37. a8=Q+ Bf8 38. Ra7 Rxh3+ 39. Kg1 Qe7 40. Rxc7 Qg5+ 41. Kf2
Rh2+ 42. Ke1 0-1

[Event "61st World Juniors 2024"]
[Site "Gandhinagar IND"]
[Date "2024.06.04"]
[Round "3.18"]
[White "Pham Tran Gia Phuc"]
[Black "Pawar, Harshit"]
[Result "0-1"]
[WhiteTitle "FM"]
[WhiteElo "2444"]
[BlackElo "2132"]
[WhiteFideId "12415669"]
[BlackFideId "366130595"]
[EventDate "2024.06.02"]

1. e4 e6 2. d4 d5 3. e5 c5 4. c3 Nc6 5. Nf3 Bd7 6. Be2 Nge7 7. Na3 cxd4 8. cxd4
Nf5 9. Nc2 Rc8 10. O-O Be7 11. Bd3 a6 12. Kh1 h5 13. g3 Nh6 14. h4 Qb6 15. Bg5
Ng4 16. Qd2 f6 17. Bg6+ Kd8 18. exf6 gxf6 19. Bf4 Qa5 20. Qe2 Nb4 21. Nxb4 Qxb4
22. Rfc1 Bd6 23. a3 Qb6 24. Bxd6 Qxd6 25. Kg2 e5 26. dxe5 fxe5 27. Bc2 Rf8 28.
Ng5 e4 29. Nh3 Rf3 30. Qd2 Ne3+ 31. Kh1 Nxc2 32. Rxc2 Rxc2 33. Qxc2 Bxh3 34. Qd2
e3 35. fxe3 Rxg3 0-1

[Event "61st World Juniors 2024"]
[Site "Gandhinagar IND"]
[Date "2024.06.04"]
[Round "3.19"]
[White "Anuj, Shrivatri"]
[Black "Sureka Akshat"]
[Result "1-0"]
[WhiteTitle "IM"]
[WhiteElo "2390"]
[BlackElo "1972"]
[WhiteFideId "35070924"]
[BlackFideId "25774492"]
[EventDate "2024.06.02"]

1. Nf3 Nf6 2. g3 b6 3. Bg2 Bb7 4. O-O c5 5. c4 g6 6. d4 cxd4 7. Qxd4 Bg7 8. Nc3
d6 9. Rd1 h6 10. Be3 O-O 11. Qd2 Ng4 12. Bf4 h5 13. h3 Nf6 14. Bh6 Nbd7 15. Bxg7
Kxg7 16. b3 Rc8 17. Nd4 Bxg2 18. Kxg2 Qc7 19. e4 a6 20. Rac1 Qb7 21. f3 Rfd8 22.
g4 Rc5 23. a4 e6 24. Nde2 Nb8 25. g5 Ne8 26. h4 Nc6 27. f4 Nc7 28. Ng3 d5 29.
cxd5 exd5 30. b4 Rc4 31. Nxd5 Rxc1 32. Qb2+ Kg8 33. Nf6+ Kf8 34. Nh7+ Kg8 35.
Nf6+ Kf8 36. Qxc1 Ne6 37. Rxd8+ Ncxd8 38. Kh2 Qe7 39. f5 Nd4 40. Qc4 Nf3+ 41.
Kh3 Qd6 42. fxg6 Qd2 43. g7+ Kxg7 44. Nfxh5+ Kh7 45. Qd5 Ng1+ 46. Kg4 Qg2 47.
g6+ fxg6 48. Qd7+ 1-0

[Event "61st World Juniors 2024"]
[Site "Gandhinagar IND"]
[Date "2024.06.04"]
[Round "3.20"]
[White "Sri Charan Sandipagu"]
[Black "Jares, Michal"]
[Result "1/2-1/2"]
[BlackTitle "FM"]
[WhiteElo "1924"]
[BlackElo "2382"]
[WhiteFideId "25174657"]
[BlackFideId "386839"]
[EventDate "2024.06.02"]

1. e4 c6 2. d4 d5 3. Nc3 dxe4 4. Nxe4 Bf5 5. Ng3 Bg6 6. h4 h6 7. Nf3 Nd7 8. h5
Bh7 9. Bd3 Bxd3 10. Qxd3 e6 11. Bd2 Ngf6 12. O-O-O Be7 13. Kb1 O-O 14. Ne4 Nxe4
15. Qxe4 Nf6 16. Qe2 Qd5 17. Ne5 Qe4 18. Qxe4 Nxe4 19. Be3 Rfd8 20. g4 Bd6 21.
f3 Nf6 22. Nd3 Rd7 23. Bc1 Nd5 24. c4 Nb4 25. Nf2 Rad8 26. a3 Na6 27. d5 exd5
28. cxd5 c5 29. Ne4 Be7 30. d6 Bxd6 31. Bxh6 gxh6 32. Nf6+ Kg7 33. Nxd7 Rxd7 34.
Rd2 Nc7 35. Rhd1 Nb5 36. Rd5 Nd4 37. f4 Rd8 38. g5 b6 39. Rg1 Bc7 40. Rxd8 Bxd8
41. Rg4 hxg5 42. fxg5 Ne6 43. g6 f5 44. Rg2 f4 45. Rd2 Nd4 46. b4 Be7 47. bxc5
Bxc5 48. Rg2 Nf5 49. Rg5 Ne7 50. Rg4 Bd6 51. Kc2 Be5 52. Kd3 Ng8 53. Rg5 Kf6 54.
Rg1 Kg7 55. Ke4 Bd6 56. Rd1 Nf6+ 57. Kf5 Be7 58. Rh1 Kh6 59. Kxf4 Nxh5+ 60. Kf5
Bf8 61. a4 a6 62. Rh4 b5 63. axb5 axb5 64. Kg4 Kxg6 1/2-1/2

[Event "61st World Juniors 2024"]
[Site "Gandhinagar IND"]
[Date "2024.06.04"]
[Round "3.21"]
[White "Domalchuk-Jonasson, Aleksandr"]
[Black "Shah, Jeet"]
[Result "1-0"]
[WhiteTitle "IM"]
[WhiteElo "2380"]
[BlackElo "1946"]
[WhiteFideId "14142805"]
[BlackFideId "45012954"]
[EventDate "2024.06.02"]

1. d4 d5 2. Nf3 Nf6 3. c4 e6 4. g3 Be7 5. Bg2 O-O 6. O-O dxc4 7. Ne5 Nc6 8. Nxc6
bxc6 9. Na3 Bxa3 10. bxa3 Rb8 11. Qa4 Qxd4 12. Be3 Qb2 13. Qxc4 Nd5 14. Bxa7 Qb5
15. Qc2 Ra8 16. Rab1 Qa5 17. Bc5 Rd8 18. Rfc1 Bd7 19. h4 Rdb8 20. Rb3 e5 21. e4
Nf6 22. Bf1 h6 23. Bc4 Be8 24. Be7 c5 25. Bxc5 Kh7 26. Bd3 Ba4 27. Bb4 Qa7 28.
Qb2 Bxb3 29. axb3 Rd8 30. Bb5 Rab8 31. Be7 Qd4 32. Qe2 Rg8 33. Rd1 Qa7 34. Bc4
Rbe8 35. Bxf6 gxf6 36. Bxf7 Rxg3+ 37. Kh2 Re7 38. fxg3 Rxf7 39. Rd8 Qb6 40. Qf3
Qe6 41. Qf5+ Qxf5 42. exf5 c5 43. Rd6 Rb7 44. Rxf6 Rxb3 45. Re6 Kg7 46. g4 Rb2+
47. Kg3 Rb3+ 48. Kg2 Rb2+ 49. Kf3 Rb3+ 50. Kf2 Rxa3 51. g5 Rh3 52. Rxh6 e4 53.
f6+ Kg8 54. Ke2 Rf3 55. Rg6+ Kh8 56. Rg7 c4 57. Rc7 c3 58. h5 Rf5 59. h6 Rxg5
60. f7 Rg2+ 61. Kf1 1-0

[Event "61st World Juniors 2024"]
[Site "Gandhinagar IND"]
[Date "2024.06.04"]
[Round "3.22"]
[White "Gubatayev, Ahmet"]
[Black "Apoorv Kamble"]
[Result "1/2-1/2"]
[BlackTitle "FM"]
[WhiteElo "2055"]
[BlackElo "2369"]
[WhiteFideId "14004526"]
[BlackFideId "25683012"]
[EventDate "2024.06.02"]

1. d4 d5 2. c4 c6 3. Nf3 Nf6 4. Qc2 a6 5. c5 Nbd7 6. Bf4 Nh5 7. e3 Nxf4 8. exf4
g6 9. Bd3 e6 10. Nbd2 Bg7 11. h4 b6 12. cxb6 Qxb6 13. Nb3 a5 14. Ne5 a4 15. Nc5
Bxe5 16. fxe5 Nxc5 17. Qxc5 Qxc5 18. dxc5 Ba6 19. Bc2 Bb5 20. Kd2 Ke7 21. h5 d4
22. Be4 Rhd8 23. hxg6 hxg6 24. Rh7 Rg8 25. Rah1 Rab8 26. R1h3 Bc4 27. Rf3 Rgf8
28. b3 axb3 29. axb3 Rxb3 30. Rxb3 Bxb3 31. Bxg6 Bd5 32. f3 Bc4 33. g4 Bd5 34.
g5 Rg8 35. Rxf7+ Kd8 36. Rf6 Bxf3 37. Rxe6 Bd5 38. Rf6 Ke7 39. Kd3 Ra8 40. Kxd4
Ra4+ 41. Ke3 Rg4 42. Bf5 Rxg5 43. Kf4 Rg1 44. Rh6 Rf1+ 45. Kg5 Rg1+ 46. Kh4 Rh1+
47. Kg5 Rg1+ 48. Kh4 Rh1+ 49. Bh3 Bg2 50. Rh7+ Ke8 51. Kg4 Bf1 52. Kg3 Bxh3 53.
Rxh3 Re1 54. Kf4 Ke7 55. Rh7+ Ke6 56. Rh6+ Kd5 57. Rd6+ Kxc5 58. Rd8 Kc4 59. Kf5
c5 60. e6 Kb3 61. Kf6 c4 62. e7 c3 63. e8=Q Rxe8 64. Rxe8 c2 65. Rc8 Kb2 66. Ke5
c1=Q 67. Rxc1 Kxc1 1/2-1/2